| 000 | 00861nam0a22002651 4500 | ||
|---|---|---|---|
| 001 | rc\226191 | ||
| 005 | 20250621003748.0 | ||
| 010 |
_a5-7260-0412-4 _9100000 |
||
| 035 | _a(NLR Aleph) 005479757 | ||
| 090 |
_a5113952 _c5113952 |
||
| 100 | _a20030307d1990 |||y0rusy50 ca | ||
| 101 | 0 | _arus | |
| 102 | _aRU | ||
| 105 | _ay ||||||||| | ||
| 200 | 1 |
_aОн свое получит _e[Роман _eПер. с англ.] _fДжеймс Хэдли Чейз |
|
| 210 |
_aМ. _cЮрид. лит. _d1990 |
||
| 215 |
_a206, [1] с. _d20 |
||
| 300 | _aНа обл. авт.: Джеймс Хедли Чейз | ||
| 300 | _aПеревод изд.: You've got it coming / James Hadley Chase | ||
| 700 | 1 |
_aЧейз _bД.Х. _f1906-1985 _gДжеймс Хэдли |
|
| 801 | 0 |
_aRU _bNLR _gpsbo |
|
| 801 | 1 |
_aRU _bELAR _2rusmarc |
|
| 852 |
_aNLR _j90-3/3554 |
||
| 942 | _cBOOK | ||
| 980 | _aNB | ||